00505 a2200169 4500010001400000020002300014035001300037037001500050082001400065100001800079245008300097250001100180260004900191270004500240300003000285500002000315 aENG-87020 a0070659490c495.00 aEN-70553 bDBAD / PUB14a005.306811 aJones, Capers1 aEstimating software costs :cby Capers Jonesbbringing realism to estimating / a2nd ed aNew DelhibTata McGraw-Hill Publishingc2007 a7, West Patel Nagar,bNew Delhie110 008 axxvii, 653 pc23 cm (Pbk) aIncludes index